| 000 | 00769nam a2200229 ar4500 | ||
|---|---|---|---|
| 001 | 909 | ||
| 005 | 20221127090047.0 | ||
| 008 | 080621s xxu a 00110 eng d | ||
| 020 |
_a0534465129(hpb) : _cSR623.00 |
||
| 082 | 0 | 4 |
_a658.4032 _bW733 2007 _222 |
| 100 | 1 | _aWinston, Wayne L. | |
| 245 | 1 | 0 |
_aPractical management science / _cW. L. Winston, S. Albright. |
| 250 | _a3rd ed. | ||
| 260 |
_aMason, Ohio. : _bThomson/South-Western, _c2007. |
||
| 300 |
_axii, 972 p. : _bill. ; _c26 cm. _e3CD. |
||
| 500 | _aAlso accompanied by 10 CDS(2 in 5 jackets). | ||
| 504 | _aIncludes bibl. references and index. | ||
| 650 | 4 | _aManagement. | |
| 650 | 4 | _aOperations research. | |
| 650 | 4 |
_aManagement science _xMathematical models. |
|
| 700 | 0 |
_aAlbright, S. Christian, _ejt. author. |
|
| 999 |
_c909 _d909 |
||